Mechanical behaviour of nanoclay-NBR composites (Record no. 62710)

MARC details
000 -LEADER
fixed length control field 00400nam a2200121Ia 4500
100 ## - MAIN ENTRY--AUTHOR NAME
Personal name Sasikumar Meera B
245 #0 - TITLE STATEMENT
Title Mechanical behaviour of nanoclay-NBR composites
260 ## - PUBLICATION, DISTRIBUTION, ETC. (IMPRINT)
Name of publisher Proceedings of the Asia Rub Tech Expo, 23-25 November 2006, Indian Rubber Institute, Kochi. pp.64.
650 ## - SUBJECT ADDED ENTRY--TOPICAL TERM
Topical Term NBR composites
700 ## - ADDED ENTRY--PERSONAL NAME
Personal name Bhagawan S S
942 ## - ADDED ENTRY ELEMENTS (KOHA)
Koha item type Journals
Holdings
Withdrawn status Lost status Damaged status Not for loan Home library Current library Shelving location Date acquired Koha item type
      Journals RRII Library RRII Library Rubber chemistry 18/09/2006 Journals